NLSUI OPAC header image

The idea of India / (Record no. 112207)

MARC details
000 -LEADER
fixed length control field 01037cam a2200277 i 4500
001 - CONTROL NUMBER
control field 20590659
003 - CONTROL NUMBER IDENTIFIER
control field OSt
005 - DATE AND TIME OF LATEST TRANSACTION
control field 20260211100255.0
008 - FIXED-LENGTH DATA ELEMENTS--GENERAL INFORMATION
fixed length control field 180719t20172017nyub b 001 0 eng
010 ## - LIBRARY OF CONGRESS CONTROL NUMBER
LC control number 2017301177
020 ## - INTERNATIONAL STANDARD BOOK NUMBER
International Standard Book Number 9780143032465
040 ## - CATALOGING SOURCE
Original cataloging agency DLC
Language of cataloging eng
Transcribing agency DLC
Description conventions rda
Modifying agency DLC
042 ## - AUTHENTICATION CODE
Authentication code pcc
043 ## - GEOGRAPHIC AREA CODE
Geographic area code a-ii---
082 00 - DEWEY DECIMAL CLASSIFICATION NUMBER
Classification number 320.954 KHI
100 1# - MAIN ENTRY--PERSONAL NAME
Personal name Khilnani, Sunil
245 14 - TITLE STATEMENT
Title The idea of India /
Statement of responsibility, etc. Sunil Khilnani.
264 #1 - PRODUCTION, PUBLICATION, DISTRIBUTION, MANUFACTURE, AND COPYRIGHT NOTICE
Place of production, publication, distribution, manufacture New York :
Name of producer, publisher, distributor, manufacturer Farrar Straus Giroux,
Date of production, publication, distribution, manufacture, or copyright notice 2017.
300 ## - PHYSICAL DESCRIPTION
Extent xxxiii, 263 p. :
Other physical details ill. ;
Dimensions 21 cm
505 ## - FORMATTED CONTENTS NOTE
Formatted contents note One Democracy 15<br/>Two Temples of the Future 61<br/>Cities 107<br/>Four Who is an Indian? 150<br/>Epilogue The Garb of Modernity 196<br/>References 209<br/>Index 243<br/>Copyright
651 #0 - SUBJECT ADDED ENTRY--GEOGRAPHIC NAME
Geographic name India
General subdivision Politics and government
Chronological subdivision 1947-
856 ## - ELECTRONIC LOCATION AND ACCESS
Uniform Resource Identifier <a href="https://www.google.co.in/books/edition/The_Idea_of_India/lAeke61Nd6kC?hl=en&gbpv=1&printsec=frontcover">https://www.google.co.in/books/edition/The_Idea_of_India/lAeke61Nd6kC?hl=en&gbpv=1&printsec=frontcover</a>
906 ## - LOCAL DATA ELEMENT F, LDF (RLIN)
a 7
b cbc
c origcop
d 2
e ncip
f 20
g y-gencatlg
942 ## - ADDED ENTRY ELEMENTS (KOHA)
Source of classification or shelving scheme Dewey Decimal Classification
Koha item type BOOKs
Holdings
Withdrawn status Lost status Source of classification or shelving scheme Materials specified (bound volume or other part) Damaged status Not for loan Home library Current library Shelving location Date acquired Source of acquisition Cost, normal purchase price Total Checkouts Total Renewals Full call number Barcode Date last seen Date last checked out Price effective from Koha item type
    Dewey Decimal Classification PB     . .   28.11.2017 Purchased 399.00 5 1 320.954 KHI 35678 30.08.2025 28.08.2025 28.11.2018 BOOKs